000 00437nam a22001697a 4500
003 NUST - PNEC
005 20170116181044.0
008 150923b xxu||||| |||| 00| 0 eng d
020 _a9837202742
040 _cLIBRARY
082 _a658.45 KEE
100 _911662
_aKeenan, Kate
245 _aThe management guide to negotiating
_cKate Keenan
260 _cc 1996
650 _911695
_aNegotiation in business
_xMIS
942 _2ddc
_cBK
999 _c68202
_d68202